00775cam a22002291 450000100060000000300080000600500170001400800410003103500190007203500200009104000340011104100080014508200250015310000330017824500870021126000490029830000300034750400420037760000510041961000240047065100510049425879BD-RjUL20211209050936.0160528s1944 ii b 001 0 eng d a(BD-RjUL)25949 a(OCoLC)11628254 aDLCcNcWsWdDLCdBD-RjULbeng aeng00a954.7bGUL 1944223 1 aGupta, Pratulacandra,d1910-14aThe last peshwa and the English commissioners, 1818-1851 /cby Pratul C. Gupta ... aCalcutta :bS.C. Sarkar and Sons Ltd,c1944. a5 p. l., 113 p. ;c22 cm. aBibliography; p. [108]-110. and Index00aBaji RaocPeshwa of the Mahrattas,d1775-1851.20aEast India Company. 0aIndiaxHistoryyBritish occupation, 1765-1947.